书目信息

书名: 物业管理理论与实务 
作者: 胡伯龙 杨韬 主编
出版信息: 北京   机械工业出版社  2010.1
开本页数: 26cm  222页
丛书名:
单 册:
中图分类: F293
科图分类:
主题词: 物业管理--高等教育--教材 , 物业管理
电子资源:
ISBN: 978-7-111-23538-5
000 00895nam0 2200265 450
001 2603
005 20101106171609.0
010    @a978-7-111-23538-5@dCNY23.00
100    @a20080506d2008 em y0chiy50 ea
101 @achi
102    @aCN@b110000
105    @ay z 000yy
106    @ar
200 @a物业管理理论与实务@9wu ye guan li li lun yu shi wu@f胡伯龙,杨韬主编
210    @a北京@c机械工业出版社@d2010.1
215    @a222页@d26cm
300    @a高等职业教育物业管理专业“十一五”规划教材
330    @a本书介绍了物业管理的产生与发展、物业管理概述、物业管理基础理论、物业管理组织、居住性物业管理、经营性物业管理、物业管理前期工作、物业管理基础工作等。
606 @a物业管理@x高等教育@j教材
606 @a物业管理
690    @aF293@v4
701  0 @a胡伯龙@f(1961.6~)@9hu bo long@4主编
701  0 @a杨韬@c(思想政治教育)@9yang tao@4主编
801  0 @aCN@b北京汉珍
905    @dF293@e75
    
    物业管理理论与实务/胡伯龙,杨韬主编.-北京:机械工业出版社,2010.1
    222页;26cm
    高等职业教育物业管理专业“十一五”规划教材
    
    ISBN 978-7-111-23538-5:CNY23.00
    本书介绍了物业管理的产生与发展、物业管理概述、物业管理基础理论、物业管理组织、居住性物业管理、经营性物业管理、物业管理前期工作、物业管理基础工作等。
相关链接 在五车中查询图书 在当当中查询图书 在豆瓣中查询图书


正题名:物业管理理论与实务     索取号:F293/75         预约/预借

序号 登录号 条形码 馆藏地/架位号 状态 备注
1 400427   300400427   柳城密-1楼/7架6列3层/ [索取号:F293/75] 在馆    
2 400428   300400428   柳城密-1楼/7架6列3层/ [索取号:F293/75] 在馆    
3 400429   300400429   柳城密-1楼/7架6列3层/ [索取号:F293/75] 在馆